PURNNAK KI OR (Record no. 8552)

MARC details
000 -LEADER
fixed length control field 00303nam a22001337a 4500
005 - DATE AND TIME OF LATEST TRANSACTION
control field 20240705161240.0
008 - FIXED-LENGTH DATA ELEMENTS--GENERAL INFORMATION
fixed length control field 240705b |||||||| |||| 00| 0 eng d
020 ## - INTERNATIONAL STANDARD BOOK NUMBER
ISBN 978-81-928045-5-2
041 ## - LANGUAGE CODE
Language code of text/sound track or separate title eng
245 ## - TITLE STATEMENT
Title PURNNAK KI OR
260 ## - PUBLICATION, DISTRIBUTION, ETC. (IMPRINT)
Place of publication BHOPAL
Name of publisher ARCHANA PRAKASHAN
300 ## - PHYSICAL DESCRIPTION
Number of Pages 160;p
942 ## - ADDED ENTRY ELEMENTS (KOHA)
Koha item type Books
Holdings
Lost status Damaged status Home library Current library Shelving location Date acquired Source of acquisition Cost, normal purchase price Accession Number Koha item type
    JRU Library JRU Library SHELF-44-L 05/07/2024 PURCHASE 75.00 28241 Books
    JRU Library JRU Library SHELF-44-L 05/07/2024 PURCHASE 75.00 28242 Books